000 00364nam a2200145Ia 4500
008 200103s9999||||xx |||||||||||||| ||und||
040 _aIMU-MPC
082 _aColumn-10
100 _aAdmiralty
245 0 _aAdmiralty list of lights and fog signals
250 _aVol. C
260 _bAdmirality Charts and Publications
_c1996
300 _axxiv, 350
942 _cBK
999 _c4454
_d4454